[Event "GRE-chT Online Rapid op 1st"]
[Site "Tornelo INT"]
[Date "2021.02.21"]
[Round "9.5"]
[White "Kourkoulos Arditis, Stamatis"]
[Black "Agouridis, Aris"]
[Result "1-0"]
[WhiteElo "2485"]
[BlackElo "2098"]
[PlyCount "79"]
[EventDate "2021.02.20"]
[EventType "team-swiss (rapid)"]
[EventRounds "9"]
[EventCountry "GRE"]
[SourceTitle "EXT 2023"]
[Source "ChessBase"]
[SourceDate "2022.10.05"]
[SourceVersion "1"]
[SourceVersionDate "2022.10.05"]
[SourceQuality "1"]

1. e4 e6 2. d4 d5 3. Nd2 c5 4. exd5 exd5 5. Bb5+ Nc6 6. Ngf3 Bd6 7. 0-0 Nge7 8. dxc5 Bxc5 9. Nb3 Bb6 10. c3 0-0 11. Re1 a6 12. Bd3 Bf5 13. Bg5 f6 14. Be3 Bxd3 15. Qxd3 Bxe3 16. Qxe3 Qd6 17. Rad1 b5 18. Nbd4 Rfe8 19. Nxc6 Nxc6 20. Qb6 Reb8 21. Qe3 Re8 22. Qxe8+ Rxe8 23. Rxe8+ Kf7 24. Re2 Ne5 25. Nxe5+ fxe5 26. Red2 Ke6 27. Rxd5 Qxd5 28. Rxd5 Kxd5 29. Kf1 Kc4 30. Ke2 a5 31. Kd2 a4 32. Kc2 a3 33. b3+ Kc5 34. Kd3 Kd5 35. f3 Kc5 36. Ke4 Kd6 37. h4 g6 38. g3 Ke6 39. c4 b4 40. c5 1-0

[Event "GRE-chT Div-A 38th"]
[Site "Peristeri"]
[Date "2010.07.07"]
[Round "3"]
[White "Agouridis, Aris"]
[Black "Sarandos, Vasilios"]
[Result "1/2-1/2"]
[WhiteElo "2120"]
[BlackElo "2266"]
[PlyCount "110"]
[EventDate "2010.07.05"]
[EventType "team-swiss"]
[EventRounds "7"]
[EventCountry "GRE"]
[SourceTitle "CBM 137 Extra"]
[Source "ChessBase"]
[SourceDate "2010.09.01"]
[SourceVersion "1"]
[SourceVersionDate "2010.09.01"]
[SourceQuality "1"]

1. e4 c6 2. d4 d5 3. Nc3 dxe4 4. Nxe4 Bf5 5. Ng3 Bg6 6. h4 h6 7. h5 Bh7 8. Nf3 Nd7 9. Bd3 Bxd3 10. Qxd3 e6 11. Bd2 Qc7 12. 0-0-0 0-0-0 13. Kb1 Ngf6 14. Ne4 Nxe4 15. Qxe4 Nf6 16. Qe1 c5 17. Ba5 b6 18. Bc3 cxd4 19. Bxd4 Bc5 20. Rd3 Bxd4 21. Nxd4 Kb7 22. Rhh3 Rd5 23. Qb4 Rhd8 24. Qa4 Qd7 25. Qxd7+ R8xd7 26. Ne2 Rxd3 27. cxd3 Rd5 28. Kc2 Rxh5 29. Rg3 Rg5 30. Rxg5 hxg5 31. Ng3 Kc6 32. Kd2 Kd5 33. f3 Ke5 34. Ne2 Nd5 35. Nc3 Nxc3 36. bxc3 b5 37. g3 f5 38. a3 Kd5 39. Ke2 e5 40. g4 g6 41. Ke3 Kc5 42. Kd2 a6 43. Ke2 a5 44. Ke3 Kd5 45. Kd2 Kd6 46. Ke2 Kc5 47. Ke3 b4 48. axb4+ axb4 49. cxb4+ Kxb4 50. d4 Kc4 51. dxe5 Kd5 52. gxf5 gxf5 53. f4 gxf4+ 54. Kxf4 Ke6 55. Kf3 Kxe5 1/2-1/2

[Event "GRE-ch U20"]
[Site "Chania"]
[Date "2003.04.23"]
[Round "7"]
[White "Agouridis, Aris"]
[Black "Stoumbos, Konstantinos"]
[Result "0-1"]
[WhiteElo "2040"]
[BlackElo "2070"]
[PlyCount "164"]
[EventDate "2003.04.??"]
[EventType "swiss"]
[EventRounds "7"]
[EventCountry "GRE"]
[SourceTitle "EXT 2005"]
[Source "ChessBase"]
[SourceDate "2004.11.15"]
[SourceVersion "1"]
[SourceVersionDate "2004.11.15"]
[SourceQuality "1"]

1. e4 c6 2. d4 d5 3. exd5 cxd5 4. Bd3 Nc6 5. c3 Nf6 6. Bf4 Bg4 7. Qb3 Qc8 8. Nd2 e6 9. Ngf3 Be7 10. 0-0 0-0 11. Ne5 Bh5 12. Ndf3 Bg6 13. Nxg6 hxg6 14. Ne5 a6 15. a4 Na5 16. Qc2 Nc4 17. a5 Nd6 18. Rfe1 Qd8 19. Qe2 Nf5 20. g4 Nh4 21. Bg3 Nh7 22. Bc2 Bf6 23. f4 Re8 24. Qf2 Nf8 25. Nd3 Be7 26. Ba4 g5 27. Bxe8 Qxe8 28. f5 exf5 29. Bxh4 gxh4 30. Qe3 Qb5 31. gxf5 Bf6 32. Qe2 Qd7 33. Qf3 Qb5 34. Re2 Nh7 35. Kh1 Ng5 36. Qe3 Ne4 37. Ne5 Re8 38. c4 Qb4 39. cxd5 Nd6 40. Qd3 Nb5 41. Nc6 Qf8 42. Rxe8 Qxe8 43. Ne5 Qd8 44. Qe4 Nc7 45. Ng4 Nxd5 46. Nxf6+ Nxf6 47. Qe5 Qc8 48. Re1 Qc6+ 49. d5 Qb5 50. d6 Qc6+ 51. Kg1 h3 52. Qg3 Qc5+ 53. Kf1 Qxf5+ 54. Qf2 Qxa5 55. Rd1 Qa4 56. Qe2 Qf4+ 57. Kg1 Qg5+ 58. Kh1 Qf5 59. Rd4 Qb1+ 60. Qd1 Qxb2 61. Rd2 Qe5 62. Qe2 Qf5 63. Kg1 b5 64. Qd3 Qd7 65. Rc2 b4 66. Rc4 a5 67. Qd4 Qf5 68. Qf4 Qg6+ 69. Kf1 Qb1+ 70. Rc1 Qd3+ 71. Ke1 b3 72. d7 Qxd7 73. Qb8+ Qe8+ 74. Qxe8+ Nxe8 75. Kd2 Nd6 76. Kc3 a4 77. Kb4 Ne4 78. Ka3 f5 79. Rc4 g5 80. Rxa4 g4 81. Rd4 g3 82. hxg3 h2 0-1

[Event "GRE Club Cup 21st"]
[Site "Athens"]
[Date "2002.12.07"]
[Round "1"]
[White "Halkias, Stelios"]
[Black "Agouridis, Aris"]
[Result "1-0"]
[WhiteElo "2550"]
[BlackElo "2123"]
[PlyCount "43"]
[EventDate "2002.12.07"]
[EventType "team"]
[EventRounds "2"]
[EventCountry "GRE"]
[SourceTitle "EXT 2004"]
[Source "ChessBase"]
[SourceDate "2003.11.25"]
[SourceVersion "1"]
[SourceVersionDate "2003.11.25"]
[SourceQuality "1"]

1. Nf3 f5 2. d3 d5 3. g3 Nf6 4. Bg2 e6 5. 0-0 Bd6 6. c4 c6 7. Nc3 e5 8. cxd5 cxd5 9. Bg5 d4 10. Nd5 0-0 11. Nd2 Nc6 12. Qb3 Kh8 13. Nc4 Be7 14. Nxe7 Qxe7 15. Rfc1 h6 16. Bxf6 Rxf6 17. Qa3 Qc7 18. b4 a5 19. b5 Nb4 20. Rab1 Qc5 21. Nxa5 Qxb5 22. Qxb4 1-0

[Event "Patras op 3rd"]
[Site "Patras"]
[Date "2001.07.24"]
[Round "7"]
[White "Khetsuriani, Besarion"]
[Black "Agouridis, Aris"]
[Result "1-0"]
[WhiteElo "2415"]
[BlackElo "2124"]
[PlyCount "123"]
[EventDate "2001.07.18"]
[EventType "swiss"]
[EventRounds "9"]
[EventCountry "GRE"]
[SourceTitle "CBM 083 Extra"]
[Source "ChessBase"]
[SourceDate "2001.09.11"]
[SourceVersion "1"]
[SourceVersionDate "2001.09.11"]
[SourceQuality "1"]

1. d4 e6 2. e4 d5 3. Nd2 c5 4. Ngf3 cxd4 5. Nxd4 Nf6 6. Bd3 Nc6 7. Nxc6 bxc6 8. 0-0 Be7 9. b3 0-0 10. Bb2 a5 11. c4 Ba6 12. f4 dxc4 13. Nxc4 Bxc4 14. Bxc4 Qxd1 15. Raxd1 Nxe4 16. Rfe1 Nf6 17. Rd3 Rad8 18. Kf1 Rxd3 19. Bxd3 Nd5 20. g3 Rd8 21. Ke2 Bf6 22. Bxf6 gxf6 23. Rc1 Rd6 24. a3 e5 25. fxe5 fxe5 26. Rc5 h5 27. Bf5 h4 28. Rxa5 Nc3+ 29. Kf3 hxg3 30. hxg3 Nb5 31. Kg4 Nd4 32. b4 f6 33. Ra7 Nxf5 34. Kxf5 Rd3 35. g4 Rd4 36. Kxf6 Rxg4 37. Kxe5 Rg6 38. Kd4 Kf8 39. Kc5 Ke8 40. Rc7 Rg3 41. a4 Rc3+ 42. Kd6 Rc4 43. Rc8+ Kf7 44. Rb8 c5 45. bxc5 Rd4+ 46. Kc7 Rxa4 47. c6 Ke7 48. Rb2 Rc4 49. Re2+ Kf7 50. Kd6 Rd4+ 51. Kc5 Rd1 52. c7 Rc1+ 53. Kb6 Rb1+ 54. Kc6 Rc1+ 55. Kb7 Rb1+ 56. Kc8 Kf6 57. Re4 Kf7 58. Kd7 Rd1+ 59. Kc6 Rc1+ 60. Kd6 Rd1+ 61. Kc5 Rc1+ 62. Rc4 1-0

[Event "Patras op 3rd"]
[Site "Patras"]
[Date "2001.07.21"]
[Round "4"]
[White "Agouridis, Aris"]
[Black "Manole, Vasile"]
[Result "0-1"]
[WhiteElo "2124"]
[BlackElo "2340"]
[PlyCount "70"]
[EventDate "2001.07.18"]
[EventType "swiss"]
[EventRounds "9"]
[EventCountry "GRE"]
[SourceTitle "CBM 083 Extra"]
[Source "ChessBase"]
[SourceDate "2001.09.11"]
[SourceVersion "1"]
[SourceVersionDate "2001.09.11"]
[SourceQuality "1"]

1. e4 e6 2. d4 d5 3. Nc3 Nf6 4. e5 Nfd7 5. Nce2 c5 6. c3 Nc6 7. f4 b5 8. Nf3 b4 9. a3 bxc3 10. bxc3 Ba6 11. Ng3 Bxf1 12. Rxf1 g6 13. Ne2 Be7 14. g4 h5 15. g5 Qa5 16. Bd2 Qa6 17. Nh4 Rb8 18. Qc2 cxd4 19. cxd4 Qxe2+ 20. Kxe2 Nxd4+ 21. Kd1 Nxc2 22. Kxc2 Nc5 23. Be3 Kd7 24. Bxc5 Bxc5 25. Rfb1 Bd4 26. Rxb8 Rxb8 27. Rb1 Rxb1 28. Kxb1 Be3 29. Ng2 Bf2 30. Kc2 Kc6 31. h3 Kc5 32. Kc3 d4+ 33. Kd3 Kd5 34. Ke2 Bg3 35. Kf3 h4 0-1

[Event "GRE-chT 29th"]
[Site "Athens"]
[Date "2000.07.13"]
[Round "8"]
[White "Agouridis, Aris"]
[Black "Tsanas, Athanasios"]
[Result "0-1"]
[WhiteElo "2117"]
[BlackElo "2176"]
[PlyCount "86"]
[EventDate "2000.07.06"]
[EventType "team"]
[EventRounds "8"]
[EventCountry "GRE"]
[SourceTitle "EXT 2001"]
[Source "ChessBase"]
[SourceDate "2000.11.22"]
[SourceVersion "1"]
[SourceVersionDate "2000.11.22"]
[SourceQuality "1"]

1. e4 c5 2. Nf3 d6 3. c3 Nf6 4. Be2 Nbd7 5. d3 g6 6. Nbd2 Bg7 7. 0-0 b6 8. Re1 Bb7 9. Bf1 Ne5 10. h3 0-0 11. Nh2 Nc6 12. f4 b5 13. a3 a5 14. Ndf3 Nd7 15. f5 b4 16. Bd2 Nde5 17. Ng4 Nxf3+ 18. gxf3 e6 19. Qe2 exf5 20. Nh6+ Kh8 21. Qg2 Ne5 22. Be2 fxe4 23. dxe4 f5 24. Bg5 Bf6 25. Bf4 fxe4 26. fxe4 Bg7 27. Bxe5 Bxe5 28. Rf1 Qd7 29. Bc4 Bf4 30. Ng4 bxc3 31. bxc3 Rae8 32. Bd5 Bxd5 33. exd5 h5 34. Nf2 Be3 35. Kh2 Qg7 36. Rae1 Bf4+ 37. Kh1 Rxe1 38. Rxe1 Qxc3 39. Rg1 g5 40. Ne4 Qd3 41. Nf2 Qe2 42. Rb1 Re8 43. Rf1 Re3 0-1

[Event "GRE-chT 29th"]
[Site "Athens"]
[Date "2000.07.11"]
[Round "6"]
[White "Dalaklis, Georgios"]
[Black "Agouridis, Aris"]
[Result "0-1"]
[WhiteElo "2058"]
[BlackElo "2117"]
[PlyCount "84"]
[EventDate "2000.07.06"]
[EventType "team"]
[EventRounds "8"]
[EventCountry "GRE"]
[SourceTitle "EXT 2001"]
[Source "ChessBase"]
[SourceDate "2000.11.22"]
[SourceVersion "1"]
[SourceVersionDate "2000.11.22"]
[SourceQuality "1"]

1. e4 e6 2. d4 d5 3. exd5 exd5 4. c4 Bb4+ 5. Nc3 c5 6. cxd5 Qxd5 7. Be3 Nc6 8. dxc5 Nf6 9. Nge2 Bg4 10. a3 Bxe2 11. axb4 Qxd1+ 12. Nxd1 Bxf1 13. Rxf1 Nxb4 14. Ke2 Nfd5 15. Bd2 Nc6 16. Nc3 0-0-0 17. Rfd1 a6 18. Nxd5 Rxd5 19. Be3 Rhd8 20. Rxd5 Rxd5 21. Rd1 Re5 22. Kf3 Re6 23. Bf4 Ne5+ 24. Bxe5 Rxe5 25. Rc1 Kc7 26. Kf4 f6 27. Rc2 Kc6 28. b4 Kb5 29. Rd2 Re7 30. Rd4 Ka4 31. Kf3 Kb5 32. Kf4 a5 33. bxa5 Kxa5 34. Rd8 Rc7 35. Rh8 Kb5 36. Kg4 h6 37. Rb8 Kxc5 38. Kf5 b5 39. Kg6 Kc4 40. Ra8 Kb3 41. g4 b4 42. h4 Kb2 0-1

[Event "EU-ch U16"]
[Site "Litohoto"]
[Date "1999.09.03"]
[Round "1"]
[White "Agouridis, Aris"]
[Black "Jakubowski, Krzysztof"]
[Result "1-0"]
[WhiteElo "2114"]
[BlackElo "2320"]
[PlyCount "45"]
[EventDate "1999.09.03"]
[EventType "swiss"]
[EventRounds "9"]
[EventCountry "GRE"]
[SourceTitle "CBM 072 Extra"]
[Source "ChessBase"]
[SourceDate "1999.11.18"]
[SourceVersion "1"]
[SourceVersionDate "1999.11.18"]
[SourceQuality "1"]

1. e4 c5 2. Nf3 d6 3. c3 Nf6 4. Be2 Nc6 5. d4 cxd4 6. cxd4 Nxe4 7. d5 Qa5+ 8. Nc3 Nxc3 9. bxc3 Ne5 10. 0-0 e6 11. Nxe5 dxe5 12. Rb1 a6 13. Bf3 Bc5 14. dxe6 Bxe6 15. Bxb7 Rd8 16. Bc6+ Kf8 17. Qf3 Qxa2 18. Bg5 Rc8 19. Rb7 Qc4 20. Rd1 h6 21. Bd5 Qg4 22. Rxf7+ Ke8 23. Bc6+ 1-0